| 000 | nam a22 a 4500 | ||
|---|---|---|---|
| 999 |
_c3765 _d3765 |
||
| 005 | 20170524083033.0 | ||
| 008 | 170524b1996 -hk||||| |||| 00| 0 eng d | ||
| 020 | _a1858331609 | ||
| 040 | _aAKMAL | ||
| 082 | _a796.352 ENC | ||
| 090 |
_a796.352 _bENC |
||
| 245 |
_aTHE ENCYCLOPEDIA OF GOLF TECHNIQUES _cEDITED BY PAUL FOSTON |
||
| 260 |
_aHONG KONG _bBRAMLEY BOOKS _c1996 |
||
| 300 |
_a431pg,; _c30 cm |
||
| 650 |
_aGOLF _97448 |
||
| 942 |
_2ddc _cBOOK |
||